000 00590nam a22001817a 4500
999 _c524820
_d524820
003 NUST
005 20190626074135.0
008 190626b ||||| |||| 00| 0 eng d
038 _aMr. Zahoor
082 _a621.3
100 _aKashif Rahim
_915613
245 _aDesign & Development of a Suspended Bridge and Themal Isolation Structure for Microbolometer IRFPA/
_cKashif Rahim
260 _aIslamabad :
_bCEME NUST,
_c2014.
300 _axiv, 95p. : ill. ;
_c30cm
_eCD
500 _aHardcover
600 _2Electrical Engineering - MS PhD Thesis
_aKashif Rahim
_915613
942 _2ddc
_cTHE